000 00375nam a2200145Ia 4500
008 150201s2014 xx 000 0 und d
082 _a610
_bC14P
100 _aPAPADAKIS, MAXINE A.
245 _aCURRENT MEDICAL DIAGNOSIS & TREATMENT -2014
250 _a53ER
260 _bMC GRAW HILL
_aNEW YORK
_c2014
300 _a1-1836
650 _aGENERAL MEDICINE
942 _2ddc
_cBK
999 _c1819
_d1819